Rozvoj a motivace zaměstnanců v malé a střední firmě

Saved in:
Bibliographic Details
Main Author Evangelu, Jaroslava Ester, 1965- (Author)
Format Book
LanguageCzech
Published Ostrava : Key Publishing, 2013
EditionVyd. 1.
SeriesMonografie (Key Publishing)
Subjects
ISBN9788074181986
Physical Description188 s. : il. ; 24 cm

Cover

LEADER 00000cam a2200000 a 4500
001 72363
003 CZ-ZlUTB
005 20240829153149.0
007 ta
008 140416s2013 xr a e 001 0 cze
015 |a cnb002585158 
020 |a 9788074181986  |q (brož.) 
040 |a BOA001  |b cze  |d ZLD002 
041 0 |a cze  |b cze  |b eng 
072 7 |a 005  |x Management. Řízení  |2 Konspekt  |9 4 
080 |a 005.95/.96  |2 MRF 
080 |a 331.101.38  |2 MRF 
080 |a 005.96:005.336.2  |2 MRF 
080 |a 334.012.63/.64  |2 MRF 
080 |a [007+004]:005.95/.96  |2 MRF 
080 |a (048.8)  |2 MRF 
245 0 0 |a Rozvoj a motivace zaměstnanců v malé a střední firmě /  |c Jaroslava Ester Evangelu ... [et al.] 
250 |a Vyd. 1. 
260 |a Ostrava :  |b Key Publishing,  |c 2013 
300 |a 188 s. :  |b il. ;  |c 24 cm 
490 1 |a Monografie 
500 |a 1000 výt. 
504 |a Obsahuje bibliografii, bibliografické odkazy a rejstřík 
546 |a České a anglické resumé 
650 0 7 |a personální management  |7 ph115721  |2 czenas 
650 0 7 |a pracovní motivace  |7 ph124529  |2 czenas 
650 0 7 |a kompetenční modely  |7 ph489478  |2 czenas 
650 0 7 |a malé a střední podniky  |7 ph115211  |2 czenas 
650 0 7 |a personální informační systémy  |7 ph735672  |2 czenas 
650 0 9 |a personnel management  |2 eczenas 
650 0 9 |a employee motivation  |2 eczenas 
650 0 9 |a models of competencies  |2 eczenas 
650 0 9 |a small and medium-sized enterprises  |2 eczenas 
650 0 9 |a human resources information systems  |2 eczenas 
655 7 |a monografie  |7 fd132842  |2 czenas 
655 9 |a monographs  |2 eczenas 
700 1 |a Evangelu, Jaroslava Ester,  |d 1965-  |7 mzk2008486501  |4 aut 
830 0 |a Monografie (Key Publishing) 
910 |a ZLD002 
928 1 |a Key Publishing 
952 |0 0  |1 0  |4 0  |6 005ROZVOJ  |7 0  |8 BOOK  |9 128167  |a UTBZL  |b UTBZL  |c 005  |d 2014-05-28  |l 0  |o 005/ROZVOJ  |p 420010154218  |r 2019-08-26 00:00:00  |v 310.00  |w 2019-08-26  |x N:nákup; | 20100531  |y 01 
952 |0 0  |1 0  |4 0  |6 005ROZVOJ  |7 0  |8 BOOK  |9 128168  |a UTBZL  |b UTBZL  |c 006  |d 2014-05-28  |l 18  |m 3  |o 005/ROZVOJ  |p 420010154219  |r 2024-11-19 00:00:00  |s 2024-11-05  |v 310.00  |w 2019-08-26  |x N:nákup; | 20100531  |y 04 
952 |0 0  |1 0  |4 0  |6 005ROZVOJ  |7 0  |8 BOOK  |9 128169  |a UTBZL  |b UTBZL  |c 006  |d 2014-05-28  |l 21  |m 9  |o 005/ROZVOJ  |p 420010154220  |r 2025-04-04 00:00:00  |s 2024-11-11  |v 310.00  |w 2019-08-26  |x N:nákup; | 20100531  |y 04 
992 |a BK  |b SK  |d 29 
999 |c 72363  |d 72363